[Event "AUTO-MASTER-2917"]
[Site "http://www.queenalice.com/game.php?id=1597760"]
[Date "2020.1.29"]
[Round "1"]
[White "Alexandrovinsk"]
[Black "Joseilton"]
[Result "1-0"]
[WhiteElo "2122"]
[BlackElo "1939"]

1. e4 c5 2. f4 Nc6 3. Nf3 e6 4. d3 d6 5. Nc3 Nf6 6. Be2 Be7 7. O-O O-O 8. a3 a6
9. Kh1 Nd7 10. Be3 f5 11. d4 fxe4 12. Nxe4 cxd4 13. Nxd4 Nf6 14. Bf3 Rb8 15.
Nxc6 bxc6 16. b3 Nd5 17. Bd2 Nxf4 18. Bxf4 Rxf4 19. Qd2 e5 20. g3 Rf7 21. Bg2
Rf5 22. Nf2 Qc7 23. Rab1 d5 24. b4 e4 25. c4 Qa7 26. c5 Bg5 27. Qc2 Qf7 28. Nh3
Rxf1+ 29. Rxf1 Qe7 30. Nxg5 Qxg5 31. Qf2 Qe7 32. Qf4 Rb7 33. Qe3 Qe6 34. Rf4 Rf7
35. Kg1 Qh6 36. Qf2 Qe6 37. Bh3 Qg6 38. Rxf7 Qxf7 39. Qxf7+ Kxf7 40. Bxc8 1-0

[Event "AUTO-MASTER-2917"]
[Site "http://www.queenalice.com/game.php?id=1597761"]
[Date "2020.1.29"]
[Round "1"]
[White "Joseilton"]
[Black "rogervolei"]
[Result "1-0"]
[WhiteElo "1990"]
[BlackElo "1938"]

1. e4 e6 2. d4 a6 3. Nf3 h6 4. Be3 b5 5. Be2 Bb7 6. Nbd2 Bb4 7. c3 Be7 8. O-O g5
9. Ne5 Bf6 10. Bh5 Bxe5 11. Bxf7+ Kxf7 12. Qh5+ Kg7 13. f4 Bxf4 14. Bxf4 gxf4
15. Rxf4 Qe7 16. Rg4+ Kf8 17. Rf1+ Nf6 18. e5 Rh7 19. Rxf6+ Rf7 20. Qxh6+ Ke8
21. Rg8+ Rf8 22. Rgxf8+ 1-0

[Event "AUTO-MASTER-2917"]
[Site "http://www.queenalice.com/game.php?id=1597762"]
[Date "2020.1.29"]
[Round "1"]
[White "rogervolei"]
[Black "Joseilton"]
[Result "0-1"]
[WhiteElo "1924"]
[BlackElo "2004"]

1. e3 Nf6 2. h3 e5 3. a3 d5 4. b4 Be7 5. Bb2 Nbd7 6. g4 b6 7. Bg2 Bb7 8. d4 exd4
9. Bxd4 O-O 10. Ne2 Ne4 11. Bxe4 dxe4 12. c4 Bf6 13. Bxf6 Qxf6 14. Nec3 Ne5 15.
Nd2 Rad8 16. Qe2 Nd3+ 17. Kf1 Qxc3 18. Kg2 Nxf2 19. Rad1 Nxd1 20. Rxd1 Qc2 21.
b5 Rd7 22. Kf1 Rfd8 23. Ke1 Rd3 24. g5 Qc3 0-1

[Event "AUTO-OPEN-4132"]
[Site "http://www.queenalice.com/game.php?id=1597879"]
[Date "2020.1.31"]
[Round "1"]
[White "shubhankar"]
[Black "Joseilton"]
[Result "0-1"]
[WhiteElo "1114"]
[BlackElo "2028"]

1. e4 c5 2. Nf3 Nc6 3. Bc4 e6 4. d3 d6 5. c3 Nf6 6. h3 Be7 7. Bg5 O-O 8. Nbd2 a6
9. a4 Rb8 10. d4 cxd4 11. Nxd4 Qb6 0-1

[Event "AUTO-OPEN-4132"]
[Site "http://www.queenalice.com/game.php?id=1597880"]
[Date "2020.1.31"]
[Round "1"]
[White "Joseilton"]
[Black "shubhankar"]
[Result "1-0"]
[WhiteElo "2017"]
[BlackElo "1120"]

1. e4 e5 2. Nf3 Nc6 3. Bb5 d6 4. h3 Bd7 5. O-O g5 6. d3 Bh6 7. Nc3 a6 8. Bc4 f5
9. Nxg5 Bxg5 10. Qh5+ Kf8 11. Qf7# 1-0

[Event "AUTO-OPEN-4132"]
[Site "http://www.queenalice.com/game.php?id=1597909"]
[Date "2020.1.31"]
[Round "1"]
[White "junipero"]
[Black "Joseilton"]
[Result "0-1"]
[WhiteElo "2066"]
[BlackElo "2019"]

1. d4 Nf6 2. c4 e6 3. Nc3 c5 4. e3 Nc6 5. Nf3 Be7 6. b3 O-O 7. Bb2 cxd4 8. Nxd4
Bb4 9. Nc2 Qa5 10. Nxb4 Nxb4 11. Be2 Qf5 12. Ba3 Nc2+ 13. Kf1 Nxe3+ 14. Ke1 Nxd1
15. Rxd1 Re8 16. Bd3 Qe5+ 17. Ne2 b6 18. f3 d5 19. g3 Bb7 20. Kf2 d4 21. Bc1 Qh5
22. g4 Nxg4+ 23. fxg4 Qh4+ 24. Ng3 Bxh1 25. Rxh1 Qxg4 26. h3 Qh4 27. Be4 Rad8
28. Bc6 Re7 29. Kg2 f5 30. Rf1 d3 31. Rf4 Qg5 32. Rd4 Qxg3+ 33. Kxg3 Rxd4 34.
Bd2 e5 35. Kf3 Kf7 36. Bd5+ Rxd5 37. cxd5 Rd7 38. Ke3 Rxd5 39. a3 Ke6 40. h4 b5
41. b4 g6 42. Bc3 f4+ 43. Kd2 e4 44. Ke1 e3 0-1

[Event "AUTO-OPEN-4132"]
[Site "http://www.queenalice.com/game.php?id=1597910"]
[Date "2020.1.31"]
[Round "1"]
[White "Joseilton"]
[Black "junipero"]
[Result "0-1"]
[WhiteElo "2006"]
[BlackElo "2016"]

1. e4 c5 2. Nf3 Nc6 3. d4 cxd4 4. Nxd4 e5 5. Nb5 d6 6. N1c3 a6 7. Na3 b5 8. Nd5
Nf6 9. Bg5 Be7 10. Bxf6 Bxf6 11. c3 O-O 12. Be2 Bb7 13. O-O Rc8 14. Bg4 Rb8 15.
Nc2 Na5 16. Nce3 Nc4 17. Qe2 Nxe3 18. Qxe3 h6 19. Bf5 Bg5 20. f4 exf4 21. Nxf4
d5 22. Rad1 Qc7 23. g3 dxe4 24. h4 Be7 25. Bxe4 Bc5 26. Rd4 Rbe8 27. Qd3 Bxe4
0-1

[Event "AUTO-MASTER-2924"]
[Site "http://www.queenalice.com/game.php?id=1600250"]
[Date "2020.2.21"]
[Round "1"]
[White "POLONIANYSA"]
[Black "Joseilton"]
[Result "1-0"]
[WhiteElo "2075"]
[BlackElo "2043"]

1. e4 c5 2. c3 d6 3. Nf3 Nc6 4. d4 cxd4 5. cxd4 Bg4 6. d5 Ne5 7. Nxe5 dxe5 8.
Qxg4 Nf6 9. Bb5+ Nd7 10. Qxd7+ Qxd7 11. Bxd7+ Kxd7 12. Nc3 e6 13. O-O Bc5 14.
Be3 Kd6 15. Nb5+ Kd7 16. Bxc5 a6 17. Nc3 exd5 18. Nxd5 Kc6 19. Be3 Rhe8 20.
Rac1+ 1-0

[Event "AUTO-MASTER-2924"]
[Site "http://www.queenalice.com/game.php?id=1600251"]
[Date "2020.2.21"]
[Round "1"]
[White "Joseilton"]
[Black "POLONIANYSA"]
[Result "0-1"]
[WhiteElo "2003"]
[BlackElo "2154"]

1. e4 e6 2. d4 d5 3. e5 c5 4. c3 Nc6 5. Na3 cxd4 6. cxd4 Bb4+ 7. Bd2 Bxa3 8.
bxa3 Nxd4 9. Qa4+ Nc6 10. Bb5 Bd7 11. Nf3 Nge7 12. Bg5 Qa5+ 13. Qxa5 Nxa5 14.
Bxd7+ Kxd7 15. Nd4 Nc4 16. a4 Nxe5 17. Ke2 N5c6 18. Ke3 Nxd4 19. Kxd4 Rac8 20.
Rhc1 Rxc1 21. Rxc1 Rc8 22. Rxc8 Nxc8 23. h4 f6 24. Be3 Nd6 0-1

[Event "AUTO-MASTER-2924"]
[Site "http://www.queenalice.com/game.php?id=1600264"]
[Date "2020.2.21"]
[Round "1"]
[White "Joseilton"]
[Black "Jsc"]
[Result "0-1"]
[WhiteElo "1974"]
[BlackElo "1942"]

1. e4 e6 2. d4 d5 3. e5 c5 4. c3 Nc6 5. Nf3 Qb6 6. b3 Bd7 7. Be3 Rc8 8. Be2 cxd4
9. cxd4 Nb4 10. O-O Nc2 11. Nbd2 Nxa1 12. Qxa1 Bb5 13. Bxb5+ Qxb5 14. Rc1 Rc6
15. h3 Ne7 16. a4 Qb4 17. Qb2 Nf5 18. Rxc6 bxc6 19. Qc2 Qb6 20. g4 Ne7 21. Ne1
Nc8 22. Nd3 a5 23. Nf3 Be7 24. Kg2 O-O 25. Nc5 Rd8 26. Ne1 Qa7 27. f4 Nb6 28.
Ned3 Nd7 29. f5 Rb8 30. Nxd7 Qxd7 31. Nc5 Qa7 32. fxe6 Bxc5 33. exf7+ Qxf7 0-1

[Event "AUTO-MASTER-2924"]
[Site "http://www.queenalice.com/game.php?id=1600265"]
[Date "2020.2.21"]
[Round "1"]
[White "Jsc"]
[Black "Joseilton"]
[Result "0-1"]
[WhiteElo "1912"]
[BlackElo "2030"]

1. e4 c5 2. c3 d6 3. d4 Nf6 4. Bd3 cxd4 5. cxd4 e6 6. Nf3 Be7 7. h3 Nc6 8. O-O
O-O 9. Qc2 e5 10. d5 Nb4 11. Qb3 a5 12. a3 Nxd3 13. Qxd3 b6 14. Be3 Ba6 15. Qb3
Bxf1 16. Kxf1 Nxe4 17. Qxb6 Qxb6 18. Bxb6 a4 19. Nbd2 Nxd2+ 20. Nxd2 Rab8 21.
Nc4 Rfc8 0-1

[Event "AUTO-MASTER-2924"]
[Site "http://www.queenalice.com/game.php?id=1600266"]
[Date "2020.2.21"]
[Round "1"]
[White "Joseilton"]
[Black "Artking"]
[Result "0-1"]
[WhiteElo "1993"]
[BlackElo "2143"]

1. e4 d5 2. exd5 Qxd5 3. Nc3 Qa5 4. Nf3 c6 5. d4 Bg4 6. Be2 Nf6 7. O-O e6 8. Bd2
Qc7 9. Ne5 Bxe2 10. Qxe2 Bd6 11. Kh1 h5 12. Bg5 Ng4 13. Nxg4 hxg4 14. g3 Nd7 15.
Qxg4 Nf8 16. Rae1 f6 17. Bd2 O-O-O 0-1

[Event "AUTO-MASTER-2924"]
[Site "http://www.queenalice.com/game.php?id=1600267"]
[Date "2020.2.21"]
[Round "1"]
[White "Artking"]
[Black "Joseilton"]
[Result "1-0"]
[WhiteElo "2150"]
[BlackElo "1983"]

1. Nf3 Nf6 2. d4 e6 3. c4 c5 4. e3 cxd4 5. exd4 Be7 6. Bd3 O-O 7. O-O d6 8. Nc3
a6 9. Qc2 Nbd7 10. b3 Rb8 11. Bb2 b5 12. Ng5 g6 13. h4 bxc4 14. bxc4 Qb6 15. Na4
Qc6 16. f4 Ng4 17. Rae1 1-0

[Event "AUTO-OPEN-4139"]
[Site "http://www.queenalice.com/game.php?id=1600413"]
[Date "2020.2.23"]
[Round "1"]
[White "Spiritus"]
[Black "Joseilton"]
[Result "1-0"]
[WhiteElo "2380"]
[BlackElo "1943"]

1. e4 c5 2. Nc3 d6 3. f4 Nf6 4. Nf3 a6 5. a4 e6 6. d4 cxd4 7. Nxd4 Be7 8. Be2
Bd7 9. O-O Nc6 10. Be3 O-O 11. Nb3 Rc8 12. a5 Nb4 13. Bb6 Qe8 14. Bf3 Bc6 15.
Re1 Bd8 16. Be3 Nd7 17. Re2 f5 18. Rd2 Be7 19. Rd4 d5 20. exd5 exd5 21. Bf2 Nf6
22. Rd2 1-0

[Event "AUTO-OPEN-4139"]
[Site "http://www.queenalice.com/game.php?id=1600414"]
[Date "2020.2.23"]
[Round "1"]
[White "Joseilton"]
[Black "Spiritus"]
[Result "0-1"]
[WhiteElo "1941"]
[BlackElo "2381"]

1. e4 e5 2. Nf3 Nc6 3. Bb5 a6 4. Ba4 Nf6 5. Nc3 b5 6. Bb3 Be7 7. O-O O-O 8. d3
d6 9. h3 Na5 10. Bd5 c6 11. Bb3 Nxb3 12. axb3 h6 13. Be3 Be6 14. Ne2 Qc7 15. c4
Nd7 16. Nd2 b4 17. d4 exd4 18. Nxd4 Nc5 19. f4 Bf6 0-1

[Event "AUTO-OPEN-4139"]
[Site "http://www.queenalice.com/game.php?id=1600439"]
[Date "2020.2.23"]
[Round "1"]
[White "Canaye"]
[Black "Joseilton"]
[Result "0-1"]
[WhiteElo "1840"]
[BlackElo "2035"]

1. d4 Nf6 2. c4 e6 3. Nc3 c5 4. d5 exd5 5. cxd5 d6 6. Bg5 Be7 7. e3 a6 8. Bd3
Nbd7 9. Nge2 O-O 10. Qc2 g6 11. O-O b5 12. Nf4 Ne5 13. Be2 Bf5 14. Qd1 b4 15.
Nb1 Ne4 16. Bxe7 Qxe7 17. Nd2 a5 18. Nxe4 Bxe4 19. f3 Bf5 20. Qd2 Rac8 21. b3 c4
22. bxc4 Nxc4 23. Bxc4 Rxc4 24. Rfe1 Rfc8 25. g4 Rc2 26. Qd4 Qh4 27. Ng2 Qf2+
0-1

[Event "AUTO-OPEN-4139"]
[Site "http://www.queenalice.com/game.php?id=1600440"]
[Date "2020.2.23"]
[Round "1"]
[White "Joseilton"]
[Black "Canaye"]
[Result "0-1"]
[WhiteElo "2028"]
[BlackElo "1796"]

1. e4 e6 2. d4 d5 3. e5 c5 4. c3 Nc6 5. Nf3 cxd4 6. cxd4 Bb4+ 7. Bd2 Qb6 8. Bxb4
Qxb4+ 9. Qd2 Qxd2+ 10. Nbxd2 Nge7 11. Nb3 O-O 12. h4 b6 13. g4 a5 14. Bd3 Nb4
15. Ke2 Nxd3 16. Kxd3 Ba6+ 17. Ke3 Rac8 18. Rac1 Rc4 19. Nfd2 Rfc8 20. Nxc4 dxc4
21. Nd2 Nd5+ 22. Kf3 c3 23. bxc3 Nxc3 24. a3 g6 25. h5 Bb7+ 26. Ke3 Bxh1 27.
Rxh1 Nd5+ 28. Ke4 Rc2 29. Rd1 Nc3+ 30. Kd3 Nxd1 31. Kxc2 Nxf2 32. hxg6 hxg6 33.
g5 Kf8 0-1

[Event "AUTO-OPEN-4139"]
[Site "http://www.queenalice.com/game.php?id=1600457"]
[Date "2020.2.23"]
[Round "1"]
[White "Joseilton"]
[Black "grepovsky"]
[Result "0-1"]
[WhiteElo "1950"]
[BlackElo "2181"]

1. e4 d6 2. d4 Nf6 3. Nc3 g6 4. Bg5 Nbd7 5. Bb5 c6 6. Bc4 b5 7. Bb3 b4 8. Nce2
Nxe4 9. Be3 Bg7 10. c3 bxc3 11. bxc3 O-O 12. Nf3 Ba6 13. Rc1 d5 14. O-O e5 15.
Re1 Qa5 16. Nd2 Bxe2 17. Qxe2 Nxd2 18. Qxd2 Rfe8 19. Bh6 e4 20. Bxg7 Kxg7 21. h4
Nf6 22. Qe2 h5 23. Qe3 Qc7 24. c4 Qd7 25. cxd5 cxd5 26. Rc5 a5 27. Qg5 Red8 28.
a4 Rab8 29. Re3 Rb4 30. Qe5 Re8 31. Qc7 Qxc7 32. Rxc7 Reb8 33. Rcc3 Rxd4 0-1

[Event "AUTO-OPEN-4139"]
[Site "http://www.queenalice.com/game.php?id=1600458"]
[Date "2020.2.23"]
[Round "1"]
[White "grepovsky"]
[Black "Joseilton"]
[Result "1-0"]
[WhiteElo "2176"]
[BlackElo "1957"]

1. e4 c5 2. Nf3 d6 3. d4 cxd4 4. Nxd4 Nf6 5. Nc3 a6 6. f4 e6 7. Be3 Be7 8. a4
O-O 9. Be2 Bd7 10. O-O Nc6 11. Nb3 Rc8 12. Kh1 Nb4 13. a5 d5 14. Bb6 Qe8 15. e5
Ne4 16. Bd4 Nxc3 17. Bxc3 Bb5 18. Nd4 Bxe2 19. Qxe2 Nc6 20. f5 Nxd4 21. Bxd4 Rc4
22. c3 exf5 23. Rxf5 Rc6 24. Qf3 Qd7 25. b4 f6 26. Rf1 g6 27. Qg3 Kf7 28. R5f2
Ke8 29. exf6 Bd6 30. Qg5 Rf7 31. Qxd5 Bc7 32. Re2+ Kd8 33. Qxd7+ Kxd7 34. g4 h6
35. Kg2 Bd8 36. Ref2 Re6 37. h4 Kc6 38. g5 1-0